000 00435nam a2200181Ia 4500
001 14707
005 20260306164934.0
008 260306t2009||||xx |||||||||||||| ||spa||
041 _aESP
082 _a516
_bC75
100 _aColegio Nacional de Matemáticas
_eAUT
245 0 _aGeometría y trigonometría
260 _c2009
300 _a301 páginas :
_c25 cm.
650 _aGEN
654 _aCMA
942 _cLIB
_dJUS
_fJUS
_2ddc
_n
999 _c14707
_d14707